[Event "IECG CP.2002.P.00003 email"]
[Site "IECG email"]
[Date "2002.10.01"]
[Round "?"]
[White "Shah, Sehba"]
[Black "O'Connor, Murtagh"]
[Result "1-0"]
[WhiteElo "931"]
[BlackElo "1989"]
[PlyCount "88"]
[EventDate "2002.10.01"]
[EventType "tourn (corr)"]
[EventRounds "6"]
[EventCountry "GER"]
[SourceTitle "Corr 2008"]
[Source "ChessBase"]
[SourceDate "2008.06.24"]
[SourceVersion "1"]
[SourceVersionDate "2008.06.24"]
[SourceQuality "1"]

1. e4 c5 2. c3 Nf6 3. e5 Nd5 4. d4 cxd4 5. Nf3 Nc6 6. Bc4 Nb6 7. Bb3 d5 8. exd6 Qxd6 9. 0-0 Be6 10. Na3 Bxb3 11. Qxb3 Qd5 12. Nb5 Rc8 13. Nfxd4 Nxd4 14. Nxd4 e6 15. Rd1 Be7 16. Be3 0-0 17. Nb5 Qxb3 18. axb3 Ra8 19. g3 Nd5 20. Bxa7 Rfc8 21. c4 Nf6 22. Bb6 Kf8 23. Nc7 Rxa1 24. Rxa1 Nd7 25. Be3 Nc5 26. Nb5 Nxb3 27. Ra7 Ke8 28. Rxb7 Na5 29. Na7 Rxc4 30. Rb8+ Kd7 31. Bd2 Rc7 32. Bxa5 Rxa7 33. Bc3 g6 34. h4 Bd6 35. Rb5 Kc6 36. Ra5 Rxa5 37. Bxa5 Kd5 38. Kf1 f5 39. Ke2 h5 40. Kd3 Bc5 41. Ke2 e5 42. Bc3 Be7 43. Bd2 e4 44. Kd1 Kc4 1-0

[Event "IECC CL3-2002.21"]
[Site "IECC email"]
[Date "2002.06.09"]
[Round "?"]
[White "Horton, Justin"]
[Black "O'Connor, Murtagh"]
[Result "1-0"]
[WhiteElo "1898"]
[BlackElo "1962"]
[PlyCount "95"]
[EventDate "2002.??.??"]
[EventType "tourn (corr)"]
[EventRounds "4"]
[SourceTitle "Corr 2008"]
[Source "ChessBase"]
[SourceDate "2008.06.24"]
[SourceVersion "1"]
[SourceVersionDate "2008.06.24"]
[SourceQuality "1"]

1. d4 d5 2. c4 e6 3. Nc3 Nf6 4. cxd5 exd5 5. Bg5 c6 6. Qc2 Be7 7. e3 Nbd7 8. Bd3 0-0 9. Nge2 Re8 10. 0-0 Nf8 11. f3 Ng6 12. Rad1 Be6 13. Ng3 a6 14. Kh1 Nh5 15. Nxh5 Bxg5 16. f4 Bg4 17. Be2 Bxe2 18. Qxe2 Bh6 19. g4 f6 20. Qf3 b5 21. Qf2 Qe7 22. Rde1 Qf7 23. h4 Nf8 24. Ng3 g6 25. Qf3 Nd7 26. e4 b4 27. Na4 Rad8 28. b3 Re7 29. e5 fxe5 30. dxe5 Rf8 31. g5 Bg7 32. Qg4 Re6 33. Rc1 Rd8 34. Ne2 c5 35. Qf3 d4 36. Ng3 Bf8 37. Ne4 Rc8 38. Nf6+ Nxf6 39. gxf6 Kh8 40. Rf2 Rc7 41. Nb2 Re8 42. Nc4 Rd7 43. h5 gxh5 44. f5 Rdd8 45. Rd1 Bh6 46. Rh2 Rg8 47. Rxh5 Rg3 48. e6 1-0

[Event "IECG CA.2002.0.00032 email"]
[Site "IECG email"]
[Date "2002.01.09"]
[Round "?"]
[White "Billion, Paul"]
[Black "O'Connor, Murtagh"]
[Result "0-1"]
[WhiteElo "2073"]
[BlackElo "2010"]
[PlyCount "34"]
[EventDate "2002.01.09"]
[EventType "tourn (corr)"]
[EventRounds "6"]
[SourceTitle "Corr 2008"]
[Source "ChessBase"]
[SourceDate "2008.06.24"]
[SourceVersion "1"]
[SourceVersionDate "2008.06.24"]
[SourceQuality "1"]

1. Nf3 d5 2. c4 d4 3. g3 g6 4. Bg2 Bg7 5. 0-0 e5 6. d3 Ne7 7. b4 0-0 8. Nbd2 Nd7 9. Qc2 a6 10. Nb3 Re8 11. a4 Rb8 12. e3 b6 13. exd4 exd4 14. Re1 Bb7 15. Nfxd4 c5 16. Bg5 Bxg2 17. Bxe7 Rxe7 0-1

[Event "IECG CA.2002.0.00032 email"]
[Site "IECG email"]
[Date "2002.01.09"]
[Round "?"]
[White "O'Connor, Murtagh"]
[Black "White, Kevin"]
[Result "1/2-1/2"]
[WhiteElo "2010"]
[BlackElo "2075"]
[PlyCount "46"]
[EventDate "2002.01.09"]
[EventType "tourn (corr)"]
[EventRounds "6"]
[SourceTitle "Corr 2008"]
[Source "ChessBase"]
[SourceDate "2008.06.24"]
[SourceVersion "1"]
[SourceVersionDate "2008.06.24"]
[SourceQuality "1"]

1. d4 Nf6 2. c4 e6 3. Nf3 c5 4. d5 exd5 5. cxd5 d6 6. Nc3 g6 7. e4 Bg7 8. h3 0-0 9. Bd3 b5 10. Nxb5 Re8 11. 0-0 Nxe4 12. Re1 a6 13. Qa4 Nd7 14. Rxe4 Rxe4 15. Qxe4 Nf6 16. Qe2 axb5 17. Bxb5 Bb7 18. Bg5 Bxd5 19. a4 Qb6 20. Rd1 Qb7 21. Qd3 Bxf3 22. Qxf3 Ne4 23. Bf4 d5 1/2-1/2

[Event "IECG CA.2001.0.00022"]
[Site "IECG email"]
[Date "2001.10.22"]
[Round "?"]
[White "Miras Garcia, Eduardo"]
[Black "O'Connor, Murtagh"]
[Result "1-0"]
[WhiteElo "2125"]
[BlackElo "2010"]
[PlyCount "147"]
[EventDate "2001.10.22"]
[EventType "tourn (corr)"]
[EventRounds "6"]
[SourceTitle "Corr 2008"]
[Source "ChessBase"]
[SourceDate "2008.06.24"]
[SourceVersion "1"]
[SourceVersionDate "2008.06.24"]
[SourceQuality "1"]

1. e4 c5 2. Nc3 Nc6 3. Nge2 e6 4. g3 d5 5. exd5 exd5 6. Bg2 Nf6 7. d4 cxd4 8. Nxd4 Be7 9. 0-0 0-0 10. h3 Re8 11. Re1 h6 12. Bf4 a6 13. Qd3 Qb6 14. Be3 Ne5 15. Qe2 Bb4 16. Nb3 Qc6 17. Bd4 Nc4 18. Qxe8+ Nxe8 19. Nxd5 Be6 20. Nxb4 Qd7 21. c3 Bxh3 22. Nc5 Qg4 23. Re4 Qc8 24. Rxe8+ Qxe8 25. Bxh3 Qe2 26. Nbd3 b6 27. Bf1 Qg4 28. Na4 b5 29. Nac5 Nd2 30. Bg2 Nf3+ 31. Bxf3 Qxf3 32. Re1 Qd5 33. b3 Qd6 34. Re4 Rc8 35. Kf1 Kf8 36. a4 bxa4 37. Nxa4 Qd5 38. Nac5 a5 39. Ke2 Rd8 40. Ne5 Qa8 41. Ned7+ Kg8 42. Rg4 g5 43. Nf6+ Kg7 44. Re4 Kg6 45. Ng4 f6 46. Re6 Re8 47. Rxe8 Qxe8+ 48. Kd2 f5 49. Ne5+ Kh7 50. Ncd7 Qe7 51. Bc5 Qd8 52. c4 h5 53. Ke3 Qa8 54. f3 h4 55. Bf8 Qa6 56. gxh4 gxh4 57. c5 h3 58. c6 Kg8 59. Bh6 Kh7 60. Bf4 a4 61. bxa4 Qa7+ 62. Ke2 Qxa4 63. c7 Qa6+ 64. Kd2 Qd6+ 65. Ke1 Qa6 66. Bg3 Qa5+ 67. Ke2 Qc3 68. Nd3 Qc2+ 69. Ke3 Qc6 70. Nf6+ Kg7 71. Nd5 Qa6 72. Nc5 Qc6 73. Kd4 Kf7 74. Be5 1-0

[Event "IECG CA.2001.0.00005"]
[Site "IECG email"]
[Date "2001.05.29"]
[Round "?"]
[White "Mende, Ingus"]
[Black "O'Connor, Murtagh"]
[Result "1/2-1/2"]
[WhiteElo "2000"]
[BlackElo "2010"]
[PlyCount "58"]
[EventDate "2001.05.29"]
[EventType "tourn (corr)"]
[EventRounds "6"]
[SourceTitle "Corr 2008"]
[Source "ChessBase"]
[SourceDate "2008.06.24"]
[SourceVersion "1"]
[SourceVersionDate "2008.06.24"]
[SourceQuality "1"]

1. d4 d5 2. c4 c6 3. Nf3 Nf6 4. Nc3 e6 5. e3 Nbd7 6. Qc2 Bd6 7. Bd3 0-0 8. 0-0 dxc4 9. Bxc4 Qe7 10. h3 e5 11. Bb3 a6 12. a4 a5 13. Bd2 Bb4 14. Ne2 Bxd2 15. Nxd2 exd4 16. Nxd4 Nc5 17. Rac1 Nxb3 18. N2xb3 Rd8 19. Qc5 Rd6 20. Rfd1 Ne4 21. Qc2 h6 22. Nc5 Nf6 23. Nf5 Bxf5 24. Qxf5 Rxd1+ 25. Rxd1 Re8 26. Rd4 Qc7 27. Ne4 Nxe4 28. Rxe4 Rxe4 29. Qxe4 Qd7 1/2-1/2

[Event "IECC CL2-2001.15"]
[Site "IECC email"]
[Date "2001.04.21"]
[Round "?"]
[White "O'Connor, Murtagh"]
[Black "Dzwonkowski, Adam"]
[Result "0-1"]
[WhiteElo "1983"]
[BlackElo "2064"]
[PlyCount "94"]
[EventDate "2001.??.??"]
[EventType "tourn (corr)"]
[EventRounds "4"]
[SourceTitle "Corr 2008"]
[Source "ChessBase"]
[SourceDate "2008.06.24"]
[SourceVersion "1"]
[SourceVersionDate "2008.06.24"]
[SourceQuality "1"]

1. e4 c5 2. Nc3 Nc6 3. g3 g6 4. Bg2 Bg7 5. d3 Nf6 6. f4 0-0 7. Nf3 d5 8. e5 Ne8 9. d4 cxd4 10. Nxd4 e6 11. Be3 f6 12. exf6 Qxf6 13. Nb3 Rf7 14. Qe2 Nd6 15. Bc5 Nf5 16. 0-0 b6 17. Bf2 Bd7 18. a3 g5 19. fxg5 Qxg5 20. Nxd5 exd5 21. Bxd5 Re8 22. Bxf7+ Kxf7 23. Qc4+ Kg6 24. Rad1 Ne5 25. Qe4 Bc6 26. Rd6+ Qf6 27. Qxf5+ Kxf5 28. Bd4+ Nf3+ 29. Rxf3+ Bxf3 30. Bxf6 Bxf6 31. Nd4+ Bxd4+ 32. Rxd4 Bg4 33. Rf4+ Kg5 34. Rf7 h6 35. Kf1 a6 36. c3 Rd8 37. h4+ Kg6 38. Rf4 h5 39. Rb4 Kf5 40. Rxb6 Ke4 41. c4 Rd1+ 42. Kg2 Rd2+ 43. Kg1 Rc2 44. Rxa6 Kf3 45. b4 Rxc4 46. Rf6+ Kxg3 47. Rf1 Be2 0-1

[Event "IECG C1.2001.0.00344"]
[Site "IECG email"]
[Date "2001.03.04"]
[Round "?"]
[White "Mende, Ingus"]
[Black "O'Connor, Murtagh"]
[Result "1/2-1/2"]
[WhiteElo "2000"]
[BlackElo "2010"]
[PlyCount "57"]
[EventDate "2001.03.04"]
[EventType "tourn (corr)"]
[EventRounds "6"]
[SourceTitle "Corr 2008"]
[Source "ChessBase"]
[SourceDate "2008.06.24"]
[SourceVersion "1"]
[SourceVersionDate "2008.06.24"]
[SourceQuality "1"]

1. d4 d5 2. c4 e6 3. Nf3 Nf6 4. g3 dxc4 5. Bg2 Bd7 6. Ne5 Bc6 7. Nxc6 Nxc6 8. e3 Qd7 9. 0-0 Rb8 10. Qe2 h5 11. Qxc4 h4 12. Nc3 hxg3 13. fxg3 Be7 14. Bd2 a6 15. Rac1 Na7 16. Na4 Nb5 17. Nc5 Bxc5 18. Qxc5 Rh5 19. Qc4 c6 20. a4 Nd6 21. Qb3 Rd8 22. Bb4 Nf5 23. Rc5 g6 24. h3 Qc7 25. Ba5 Qxg3 26. Rf3 Qd6 27. Bxd8 Kxd8 28. Qxb7 Nxd4 29. exd4 1/2-1/2

[Event "IECG C1.2001.0.00344"]
[Site "IECG email"]
[Date "2001.03.04"]
[Round "?"]
[White "Schoenbuchner, Gerhard"]
[Black "O'Connor, Murtagh"]
[Result "1/2-1/2"]
[WhiteElo "2018"]
[BlackElo "2010"]
[PlyCount "113"]
[EventDate "2001.03.04"]
[EventType "tourn (corr)"]
[EventRounds "6"]
[SourceTitle "Corr 2008"]
[Source "ChessBase"]
[SourceDate "2008.06.24"]
[SourceVersion "1"]
[SourceVersionDate "2008.06.24"]
[SourceQuality "1"]

1. d4 d5 2. c4 e6 3. Nc3 Nf6 4. Bg5 Be7 5. e3 0-0 6. Rc1 h6 7. Bh4 b6 8. cxd5 Nxd5 9. Nxd5 exd5 10. Bxe7 Qxe7 11. Bd3 c5 12. dxc5 bxc5 13. Bb1 Bb7 14. Qc2 Qe4 15. Qxe4 dxe4 16. Rxc5 Na6 17. Ra5 Rfc8 18. Ne2 Rc5 19. Ra4 Rb5 20. b3 Rb4 21. Ra5 Rc8 22. 0-0 Rc5 23. Ra3 f5 24. Rd1 Kf8 25. g4 fxg4 26. Rd7 Bc6 27. Rd8+ Ke7 28. Rd4 Bb5 29. Ra5 Rxd4 30. exd4 Rg5 31. Nc3 Bd3 32. d5 Rg6 33. Bxd3 exd3 34. Kf1 Rf6 35. Ke1 h5 36. Ne4 Rf4 37. Ra4 Kd8 38. Kd2 Nb8 39. Kxd3 a6 40. Kd4 Nd7 41. d6 g6 42. Ke3 Rf3+ 43. Ke2 Rf4 44. a3 Nb6 45. Rb4 a5 46. Rxb6 Rxe4+ 47. Kf1 Rd4 48. Ra6 Rd3 49. Rxa5 Rxb3 50. Rg5 Rxa3 51. Rxg6 Kd7 52. Rh6 Ra5 53. Kg2 Rf5 54. Rg6 Kc6 55. Re6 Kd7 56. Rh6 Kc6 57. h3 1/2-1/2

[Event "IECC CL2-2001.03"]
[Site "IECC email"]
[Date "2001.01.21"]
[Round "?"]
[White "Dzwonkowski, Adam"]
[Black "O'Connor, Murtagh"]
[Result "1-0"]
[WhiteElo "2042"]
[BlackElo "2016"]
[PlyCount "103"]
[EventDate "2001.??.??"]
[EventType "tourn (corr)"]
[EventRounds "4"]
[SourceTitle "Corr 2008"]
[Source "ChessBase"]
[SourceDate "2008.06.24"]
[SourceVersion "1"]
[SourceVersionDate "2008.06.24"]
[SourceQuality "1"]

1. d4 d5 2. Nf3 Nf6 3. c4 e6 4. e3 dxc4 5. Bxc4 c5 6. 0-0 a6 7. a4 Nc6 8. dxc5 Qc7 9. Nc3 Bxc5 10. b3 0-0 11. Bb2 Rd8 12. Qc2 Nb4 13. Qb1 b6 14. Ne4 Nxe4 15. Qxe4 Bb7 16. Qg4 g6 17. Rad1 Bd5 18. Qh4 Be7 19. Be5 Qxe5 20. Qxe7 Qd6 21. Qxd6 Rxd6 22. e4 Bxc4 23. Rxd6 Bxf1 24. Kxf1 b5 25. Rd7 bxa4 26. bxa4 Rc8 27. Ng5 Rc1+ 28. Ke2 Rc2+ 29. Ke3 Rc3+ 30. Ke2 Rc2+ 31. Kf3 Rc3+ 32. Kg4 Nd3 33. Nxf7 Nxf2+ 34. Kf4 Rc4 35. Ng5 Rxa4 36. Kf3 h6 37. Rd8+ Kg7 38. Nxe6+ Kf7 39. Nc5 Rc4 40. Rd7+ Ke8 41. Rd5 Nd1 42. Nxa6 Rc3+ 43. Ke2 Ne3 44. Nc7+ Ke7 45. Rd2 Rb3 46. Nd5+ Nxd5 47. Rxd5 Ke6 48. h3 g5 49. Ra5 Kf6 50. Kf2 h5 51. h4 Rb2+ 52. Kg1 1-0

[Event "IECC CL2-2001.03"]
[Site "IECC email"]
[Date "2001.01.21"]
[Round "?"]
[White "O'Connor, Murtagh"]
[Black "Bass, Stanley"]
[Result "1-0"]
[WhiteElo "1996"]
[BlackElo "1975"]
[PlyCount "73"]
[EventDate "2001.??.??"]
[EventType "tourn (corr)"]
[EventRounds "4"]
[SourceTitle "Corr 2008"]
[Source "ChessBase"]
[SourceDate "2008.06.24"]
[SourceVersion "1"]
[SourceVersionDate "2008.06.24"]
[SourceQuality "1"]

1. e4 c5 2. Nc3 Nc6 3. g3 e6 4. Bg2 Nf6 5. Nge2 d5 6. exd5 exd5 7. d4 cxd4 8. Nxd4 Bc5 9. Qe2+ Be7 10. Be3 0-0 11. Qb5 Qd6 12. 0-0 Bd7 13. Qe2 a6 14. Rfe1 Rfe8 15. a3 Bd8 16. Nxc6 bxc6 17. Qd2 Bf5 18. Bf4 Qd7 19. Rxe8+ Nxe8 20. Re1 Bc7 21. Na4 Nd6 22. Nc5 Qc8 23. b3 Nb7 24. Nxb7 Qxb7 25. Qe2 h6 26. Qe7 Rc8 27. Bf3 Qa7 28. Bh5 Bb6 29. Bxf7+ Kh8 30. Qxa7 Bxa7 31. c3 g5 32. Re7 Bc5 33. Be5+ Kh7 34. Be6+ Bxe7 35. Bxf5+ Kg8 36. Bxc8 Bxa3 37. Bb7 1-0

[Event "IECC CL2-2001.03"]
[Site "IECC email"]
[Date "2001.01.21"]
[Round "?"]
[White "O'Connor, Murtagh"]
[Black "Hanegby, Avigdor"]
[Result "1/2-1/2"]
[WhiteElo "2011"]
[BlackElo "1979"]
[PlyCount "72"]
[EventDate "2001.??.??"]
[EventType "tourn (corr)"]
[EventRounds "4"]
[SourceTitle "Corr 2008"]
[Source "ChessBase"]
[SourceDate "2008.06.24"]
[SourceVersion "1"]
[SourceVersionDate "2008.06.24"]
[SourceQuality "1"]

1. e4 g6 2. d4 Bg7 3. Nc3 c6 4. Nf3 d6 5. Bc4 Nf6 6. Bb3 0-0 7. 0-0 Bg4 8. h3 Bxf3 9. Qxf3 Nbd7 10. Be3 e6 11. Qd1 d5 12. e5 Ne8 13. Qd2 f6 14. f4 Nc7 15. a3 Qe7 16. exf6 Qxf6 17. Rae1 b5 18. Nd1 a5 19. Nf2 c5 20. c3 c4 21. Bc2 Rf7 22. Ng4 Qe7 23. Ne5 Nxe5 24. fxe5 Raf8 25. Bg5 Qd7 26. Bh6 Bxh6 27. Qxh6 b4 28. axb4 axb4 29. Rxf7 Qxf7 30. Qd2 Kg7 31. Bd1 Qf4 32. Qxf4 Rxf4 33. Ba4 b3 34. Ra1 Rf7 35. Bc6 g5 36. g4 h5 1/2-1/2